The great Indian cook book

Bibliographic Details
Main Author: Joseph, Vincent
Format: Book
Subjects:

MARC

LEADER 00000cam a2200000 7i4500
001 0000007902
002 000008476
005 20000330.0
020 |a 1856276597 
090 0 0 |a 641.5954   |b JOS 
100 1 |a Joseph, Vincent 
245 1 4 |a The great Indian cook book   |c Vincent Joseph 
300 |a 32p. ;   |c 32cm. 
650 0 0 |a Cookery, Indian 
999 |a 052971   |b BUKU   |c PINJAMAN   |e PERPUSTAKAAN KOMUNITI PETALING JAYA